000 00564nam a2200169 i 4500
001 27072
003 ES-MaACL
005 20230906153544.0
007 t|
008 030113s1913 sp ||||1| spa d
110 1 _aMadrid.
_bAyuntamiento
_9234069
245 1 0 _aReal Decreto reglamentando las funciones de la Delegacion Regia de Primera EnseƱanza y reorganizando la Junta Municipal /
_cAyuntamiento de Madrid.
260 _aMadrid :
_b[s.n.,
_c1913] (
_fImp. Municipal)
300 _a20 p. ;
_c23 cm.
852 _aES-MaACL
_jFol-Laf-319
999 _c27072
_d27072